000 01215nam a2200349 a 4500
001 000114584
003 CHAP
005 20220329144447.0
008 180307s1982 mx |r| ||||||spa d
010 _a111045
011 _a112017
020 _a9681201078
040 _cCHAP
082 0 4 _a339.420972
_bG21
100 1 _aGarcía, Brígida
_9134718
245 1 0 _aHogares y trabajadores en la Ciudad de México /
_cpor Brigida García, Humberto Muñoz García y Orlandina de Oliveira.
260 _aMéxico, D.F. :
_bEl Colegio de México
_bUNAM. Instituto de Investigaciones Sociales,
_c1982.
300 _a202 p.
590 _aBATCH-UPD
_b05
_c20180307
_lUCH01
_h0853
590 _aBATCH-UPD
_b10
_c20180307
_lUCH01
_h1101
590 _aE11695DGD
_b10
_c20180307
_lUCH01
_h1100
590 _aE5765TAJ
_b05
_c20180307
_lUCH01
_h0852
650 1 4 _aClase obrera
_zMéxico.
_9134721
650 1 4 _aEconomía doméstica
_zMéxico (D.F.).
_9134722
650 1 4 _aEstado y nivel de vida
_zMéxico (D.F.).
_9134720
650 1 4 _aTrabajo y trabajadores
_xMéxico (D.F.)
_9114533
700 0 _aMuñoz García, Humberto.
_979595
700 1 _aOliveira, Orlandina de
_9134719
901 _aBK
942 _cLIBRO
942 _n0
999 _c111045
_d111045